[Event "7. Arber-Open Bodenmais 2018"]
[Site "Bodenmais"]
[Date "2018.08.03"]
[Round "7.2"]
[White "Miesbauer, Jan"]
[Black "Hausner, Ivan"]
[Result "0-1"]
[WhiteElo "2282"]
[BlackElo "2321"]
[PlyCount "132"]
[EventDate "2018.??.??"]
[WhiteTeam "SC Bayerwald"]
[BlackTeam "SC Bayerwald"]

1. e4 c5 2. Nf3 Nf6 3. e5 Nd5 4. Nc3 e6 5. Ne4 f5 6. exf6 Nxf6 7. Nxf6+ Qxf6 8.
d4 cxd4 9. Bg5 Bb4+ 10. Bd2 Bxd2+ 11. Qxd2 Nc6 12. O-O-O O-O 13. Bc4 d5 14. Bb3
a5 15. a3 a4 16. Ba2 Bd7 17. Rhe1 Qf4 18. Kb1 Qxd2 19. Rxd2 Rf6 20. Nxd4 Nxd4
21. Rxd4 Rxf2 22. c4 e5 23. Rxd5 Bc6 24. Rdxe5 Rd8 25. c5+ Kf8 26. R5e2 Rd2 27.
Bc4 Rdxe2 28. Rxe2 Rf5 29. Bd3 Rxc5 30. Bxh7 Rh5 31. Be4 Rxh2 32. Bxc6 bxc6 33.
Kc2 Rh4 34. Kc3 Rg4 35. Kd3 g5 36. Ke3 Kf7 37. Kd2 Kf6 38. Kc1 c5 39. Rc2 c4
40. Re2 Kf5 41. Kc2 Rg3 42. Rf2+ Ke4 43. Re2+ Kd4 44. Rd2+ Rd3 45. Re2 g4 46.
Re8 Rg3 47. Rd8+ Ke4 48. Rd2 Rd3 49. Re2+ Kf4 50. Re8 Rg3 51. Rc8 Rxg2+ 52. Kc3
Re2 53. Rxc4+ Re4 54. Rc8 g3 55. Rf8+ Kg4 56. b4 Re3+ 57. Kc4 Rxa3 58. b5 Rb3
59. Ra8 g2 60. Rxa4 Rb1 61. Ra8 g1=Q 62. Rg8+ Kf5 63. Rxg1 Rxg1 64. Kd5 Rb1 65.
Kc6 Ke6 66. b6 Rc1+ 0-1

[Event "7. Arber-Open Bodenmais 2018"]
[Site "Bodenmais"]
[Date "2018.08.03"]
[Round "7.3"]
[White "Pap, Misa"]
[Black "Sergeev, Vladimir"]
[Result "0-1"]
[WhiteElo "2473"]
[BlackElo "2410"]
[PlyCount "66"]
[EventDate "2018.??.??"]
[WhiteTeam "SF Augsburg"]
[BlackTeam "SK Bregenz"]

1. e4 Nf6 2. e5 Nd5 3. d4 d6 4. c4 Nb6 5. exd6 exd6 6. Nc3 g6 7. Nf3 Bg4 8. h3
Qe7+ 9. Be3 Bxf3 10. Qxf3 Bh6 11. Bd3 Bxe3 12. fxe3 c6 13. O-O N8d7 14. b4 O-O
15. c5 Nc8 16. Qg3 a5 17. a3 axb4 18. axb4 Rxa1 19. Rxa1 Rd8 20. Ra8 Kg7 21.
cxd6 Qe6 22. Ne4 Rf8 23. Ra3 Rd8 24. Kh2 Nf6 25. Nc5 Qxd6 26. Nxb7 Qxb4 27.
Nxd8 Qxa3 28. Qc7 Nd6 29. Qe7 Ng8 30. Ne6+ Kh8 31. Qh4 Qxd3 32. Qf4 Qf5 33.
Qxd6 Qxe6 0-1

[Event "7. Arber-Open Bodenmais 2018"]
[Site "Bodenmais"]
[Date "2018.08.03"]
[Round "7.4"]
[White "Eizenhammer, Peter"]
[Black "Prusikin, Michael"]
[Result "0-1"]
[WhiteElo "2148"]
[BlackElo "2516"]
[PlyCount "40"]
[EventDate "2018.??.??"]
[WhiteTeam "SC Vilshofen"]
[BlackTeam "BCA Augsburg"]

1. e4 c6 2. d4 d5 3. exd5 cxd5 4. Bd3 Nc6 5. c3 Nf6 6. Bf4 g6 7. h3 Bf5 8. Ne2
Bg7 9. g4 Be4 10. O-O O-O 11. f3 Bxd3 12. Qxd3 Nd7 13. Nd2 e5 14. Be3 Re8 15.
Rae1 exd4 16. cxd4 Nb4 17. Qb3 Nc2 18. Qxc2 Rxe3 19. Nc3 Rxe1 20. Rxe1 Qh4 0-1

[Event "7. Arber-Open Bodenmais 2018"]
[Site "Bodenmais"]
[Date "2018.08.03"]
[Round "7.5"]
[White "Melamed, Tatjana"]
[Black "Tong, Kevin"]
[Result "1-0"]
[WhiteElo "2386"]
[BlackElo "2180"]
[PlyCount "69"]
[EventDate "2018.??.??"]
[WhiteTeam "AE Magdeburg"]
[BlackTeam "SC Erlangen"]

1. e4 e5 2. Nf3 Nc6 3. Bb5 a6 4. Ba4 Nf6 5. O-O Be7 6. Re1 b5 7. Bb3 O-O 8. h3
d6 9. c3 Nb8 10. d4 Nbd7 11. c4 c6 12. Nc3 Bb7 13. a3 Re8 14. dxe5 dxe5 15.
cxb5 h6 16. bxa6 Bxa6 17. Ba2 Bc5 18. b4 Bb6 19. Qb3 Qe7 20. Nh4 Nf8 21. Nf5
Qa7 22. Be3 Ne6 23. Bxb6 Qxb6 24. Na4 Qc7 25. Qg3 Kh7 26. Nc5 g6 27. Bxe6 fxe6
28. Nh4 g5 29. Nf3 Nd7 30. Nxd7 Qxd7 31. Rad1 Qc7 32. Qxe5 Qe7 33. Rd6 Rac8 34.
Red1 Rc7 35. Nd4 1-0

[Event "7. Arber-Open Bodenmais 2018"]
[Site "Bodenmais"]
[Date "2018.08.03"]
[Round "7.6"]
[White "Schelle, Artur"]
[Black "Hein, Ralf"]
[Result "1-0"]
[WhiteElo "2206"]
[BlackElo "2048"]
[PlyCount "127"]
[EventDate "2018.??.??"]
[WhiteTeam "SC Tarr MÃ¼nchen"]
[BlackTeam "SC Diogenes"]

1. e4 c5 2. Nc3 Nc6 3. g3 g6 4. Bg2 Bg7 5. d3 d6 6. Nh3 e5 7. f4 Nge7 8. O-O
O-O 9. f5 gxf5 10. exf5 Bxf5 11. Rxf5 Nxf5 12. Be4 Nxg3 13. hxg3 f5 14. Bd5+
Kh8 15. Qh5 Qe8 16. Qxe8 Raxe8 17. Ng5 Re7 18. Bc4 h6 19. Ne6 Rf6 20. Nxg7 Rxg7
21. Kf2 Rfg6 22. Be3 Rxg3 23. Rh1 f4 24. Rxh6+ Rh7 25. Rxh7+ Kxh7 26. Bd2 Nd4
27. Ne4 Rg6 28. c3 Nf5 29. Be6 Nh4 30. Bd5 b6 31. a3 Kg7 32. b4 Rg2+ 33. Kf1
Rh2 34. Nf2 Nf5 35. Kg1 Rh5 36. Ne4 Rh6 37. b5 Ne7 38. Bb7 Rg6+ 39. Kf1 d5 40.
Nf2 Kf6 41. Ke2 Rg3 42. c4 f3+ 43. Kf1 Ke6 44. Be3 Rg7 45. Bh6 Rh7 46. Bg5 dxc4
47. dxc4 Rf7 48. Bxe7 Kxe7 49. Nd3 Kd6 50. Be4 a6 51. bxa6 Ra7 52. Bb7 e4 53.
Nf4 Rxb7 54. axb7 Kc7 55. Kf2 Kxb7 56. Nd5 Ka6 57. Nc3 Ka5 58. Ke3 Ka6 59. Nxe4
b5 60. Kxf3 bxc4 61. Nc3 Kb6 62. Ke4 Kc6 63. Ke5 Kb7 64. Kd5 1-0

[Event "7. Arber-Open Bodenmais 2018"]
[Site "Bodenmais"]
[Date "2018.08.03"]
[Round "7.7"]
[White "Meertens, Martin"]
[Black "Schroeder, Wilfried"]
[Result "0-1"]
[WhiteElo "2146"]
[BlackElo "2199"]
[PlyCount "116"]
[EventDate "2018.??.??"]
[WhiteTeam "Klub KÃ¶lner SF"]
[BlackTeam "SV Wattenscheid"]

1. e4 c6 2. d4 d5 3. Nc3 dxe4 4. Nxe4 Bf5 5. Ng3 Bg6 6. h4 h6 7. Nf3 Nd7 8. h5
Bh7 9. Bd3 Bxd3 10. Qxd3 e6 11. Bd2 Ngf6 12. O-O-O Qc7 13. Ne4 O-O-O 14. g3
Nxe4 15. Qxe4 Bd6 16. c4 c5 17. Kb1 Nf6 18. Qc2 cxd4 19. Nxd4 a6 20. Nb3 Qc6
21. Rh4 Bc5 22. Rf1 Rd7 23. Nxc5 Qxc5 24. Be3 Qc6 25. Rc1 Rhd8 26. a3 e5 27.
Qf5 Re8 28. Rc3 Re6 29. f3 e4 30. Rf4 exf3 31. Rxf3 Ne4 32. Rb3 Rf6 33. Rb6
Nc3+ 34. bxc3 Qxf3 35. Rxf6 Qh1+ 36. Kb2 gxf6 37. Bf4 Qc6 38. Qh7 Qxc4 39. Qxh6
Re7 40. Qh8+ Kd7 41. Qxf6 Qb5+ 42. Kc2 Re2+ 43. Bd2 Qxh5 44. Qd4+ Ke8 45. Qc4
Qb5 46. Qc8+ Ke7 47. Kd1 Re6 48. Bf4 Qd7+ 49. Qxd7+ Kxd7 50. Kd2 Kc6 51. c4 Re4
52. Kd3 Re1 53. Kc3 Ra1 54. Kb3 Rf1 55. Kb4 b6 56. a4 a5+ 57. Kc3 Rf3+ 58. Kd4
Ra3 0-1

[Event "7. Arber-Open Bodenmais 2018"]
[Site "Bodenmais"]
[Date "2018.08.03"]
[Round "7.8"]
[White "Schwenkreis, Thomas"]
[Black "Lorenc, Tomas"]
[Result "0-1"]
[WhiteElo "2087"]
[BlackElo "2208"]
[PlyCount "56"]
[EventDate "2018.??.??"]
[WhiteTeam "SV Oberursel"]
[BlackTeam "SC Waldsassen"]

1. e4 d5 2. exd5 Qxd5 3. Nc3 Qa5 4. d4 Nf6 5. Nf3 Bg4 6. Be2 Nc6 7. h3 Bh5 8.
O-O O-O-O 9. Be3 e5 10. Nxe5 Bxe2 11. Qxe2 Nxe5 12. dxe5 Qxe5 13. Qc4 Bd6 14.
g3 a6 15. Kg2 Qf5 16. b4 Rhe8 17. Rfe1 Ne4 18. Ne2 Qe6 19. Qxe6+ Rxe6 20. a3
Be5 21. Rad1 Rxd1 22. Rxd1 Rc6 23. Rd5 Bf6 24. Kf3 Rxc2 25. Nd4 Nd2+ 26. Kf4
Rc4 27. Kf5 Nb1 28. b5 Nc3 0-1

[Event "7. Arber-Open Bodenmais 2018"]
[Site "Bodenmais"]
[Date "2018.08.03"]
[Round "7.9"]
[White "Hoffmann, Sebastian"]
[Black "Kolb, Wolfgang"]
[Result "1/2-1/2"]
[WhiteElo "2174"]
[BlackElo "2047"]
[PlyCount "65"]
[EventDate "2018.??.??"]
[WhiteTeam "SC NT NÃ¼rnberg"]
[BlackTeam "SK KÃ¶nigsbrunn"]

1. e4 d5 2. exd5 Qxd5 3. Nf3 Bg4 4. Be2 Nc6 5. d4 O-O-O 6. c4 Qf5 7. Be3 Bxf3
8. Bxf3 Nxd4 9. Bxd4 Qe6+ 10. Be2 Qe4 11. Nc3 Qxd4 12. Qc2 Nf6 13. O-O e6 14.
Rfd1 Qf4 15. Rxd8+ Kxd8 16. Qa4 Bc5 17. Bf3 Ke7 18. Rd1 Rd8 19. Rxd8 Kxd8 20.
Qc2 Kc8 21. Ne2 Qf5 22. Qxf5 exf5 23. Ng3 g6 24. h3 c6 25. Kf1 Kd7 26. Bd1 Bd6
27. Ne2 Ne4 28. b3 Be5 29. f3 Nc5 30. Bc2 a5 31. Ke1 Ke6 32. Kd2 f4 33. Nc1
1/2-1/2

[Event "7. Arber-Open Bodenmais 2018"]
[Site "Bodenmais"]
[Date "2018.08.03"]
[Round "7.10"]
[White "Puschendorf, Steffen"]
[Black "Medunova, Vera"]
[Result "1-0"]
[WhiteElo "2153"]
[BlackElo "2101"]
[PlyCount "161"]
[EventDate "2018.??.??"]
[WhiteTeam "ESV Gera"]
[BlackTeam "SK Rothenburg"]

1. d4 Nf6 2. c4 c5 3. d5 b5 4. cxb5 a6 5. Nc3 axb5 6. e4 Qa5 7. Bxb5 Nxe4 8.
Nge2 Ba6 9. Bxa6 Nxc3 10. Nxc3 Qxa6 11. a4 Qc4 12. Be3 d6 13. Rc1 Na6 14. b3
Qb4 15. O-O g6 16. Nb5 Bg7 17. Bd2 Qh4 18. Rc4 Qh5 19. Qxh5 gxh5 20. Re1 Kd7
21. Rce4 Rae8 22. Rh4 e6 23. dxe6+ fxe6 24. Rxh5 d5 25. Re3 Re7 26. Reh3 Bb2
27. Kf1 Nb8 28. Bc3 Bxc3 29. Rxc3 Na6 30. Rch3 Kc6 31. Ke2 Nb4 32. Re5 Rf8 33.
Reh5 Rff7 34. Rh6 Rg7 35. Re3 Kd7 36. g3 Rgf7 37. f4 Rf8 38. Kd2 Rff7 39. Rc3
Na6 40. Re3 Nb4 41. Re5 Nc6 42. Rg5 Nb4 43. Rg8 Kc6 44. Rd8 Kb6 45. Rd6+ Ka5
46. Rhxe6 Rxe6 47. Rxe6 Na2 48. Nc3 Nb4 49. Re5 Rd7 50. f5 Kb6 51. f6 Kc6 52.
Rf5 Rf7 53. g4 Kd6 54. g5 Ke6 55. Rf1 Nc6 56. Nb5 Ne5 57. h3 d4 58. Na3 Kd5 59.
Rf4 Rb7 60. Nc4 Nf7 61. Rf5+ Ke6 62. Rxc5 Rxb3 63. h4 Rh3 64. Rc7 Rxh4 65. Re7+
Kd5 66. Nb6+ Kc6 67. Rxf7 Kxb6 68. Kd3 Kc6 69. Rg7 Kd5 70. Rd7+ Ke5 71. a5 Rh3+
72. Kc4 Rc3+ 73. Kb4 Rc8 74. Re7+ Kd6 75. Rxh7 d3 76. Rh3 Rb8+ 77. Kc4 Rc8+ 78.
Kxd3 Rc5 79. Rf3 Rxa5 80. f7 Ra3+ 81. Ke2 1-0

[Event "7. Arber-Open Bodenmais 2018"]
[Site "Bodenmais"]
[Date "2018.08.03"]
[Round "7.11"]
[White "Pitica, Silviu Valentin"]
[Black "Wuest, Hans-Heiner"]
[Result "1/2-1/2"]
[WhiteElo "2149"]
[BlackElo "2026"]
[PlyCount "37"]
[EventDate "2018.??.??"]
[WhiteTeam "ITALIEN"]
[BlackTeam "SV Walldorf"]
[WhiteTeamCountry "ITA"]

1. d4 Nf6 2. c4 g6 3. Nc3 d5 4. cxd5 Nxd5 5. e4 Nxc3 6. bxc3 Bg7 7. Nf3 c5 8.
Be3 O-O 9. Be2 b6 10. Qd2 cxd4 11. cxd4 Bb7 12. e5 e6 13. h4 Nc6 14. h5 Qe7 15.
h6 Bh8 16. Rc1 f6 17. Bb5 Nb4 18. a3 Nd5 19. exf6 1/2-1/2

[Event "7. Arber-Open Bodenmais 2018"]
[Site "Bodenmais"]
[Date "2018.08.03"]
[Round "7.12"]
[White "Witte, Ronald"]
[Black "Kottmair, Toni"]
[Result "1/2-1/2"]
[WhiteElo "2031"]
[BlackElo "2126"]
[PlyCount "58"]
[EventDate "2018.??.??"]
[WhiteTeam "BSV 63 Chemie WeiÃŸensee"]
[BlackTeam "SK KÃ¶nigsbrunn"]

1. d4 Nf6 2. c4 g6 3. g3 c6 4. Bg2 d5 5. cxd5 cxd5 6. Nf3 Bg7 7. O-O O-O 8. Ne5
Nbd7 9. Nc3 e6 10. Nxd7 Bxd7 11. Bf4 Qb6 12. Na4 Bxa4 13. Qxa4 Rfc8 14. b3 Ne4
15. Bxe4 dxe4 16. e3 Qc6 17. Qxc6 Rxc6 18. Rfc1 Rac8 19. Rxc6 Rxc6 20. a4 Rc3
21. b4 f5 22. b5 Kf7 23. Bb8 a6 24. bxa6 bxa6 25. Rb1 Ra3 26. Rb7+ Kg8 27. Bd6
Rxa4 28. Rb8+ Kf7 29. Rb7+ Kg8 1/2-1/2

[Event "7. Arber-Open Bodenmais 2018"]
[Site "Bodenmais"]
[Date "2018.08.03"]
[Round "7.13"]
[White "Uneken, Bert"]
[Black "Kugelmann, Werner"]
[Result "1-0"]
[WhiteElo "1804"]
[BlackElo "2119"]
[PlyCount "67"]
[EventDate "2018.??.??"]
[WhiteTeam "Niederlande"]
[BlackTeam "TSV Wertingen"]
[WhiteTeamCountry "NED"]

1. d4 Nf6 2. Nc3 g6 3. Bg5 Bg7 4. e3 d6 5. Qd3 c6 6. O-O-O Qa5 7. h4 Nbd7 8.
Be2 Rb8 9. Kb1 h6 10. Bf4 O-O 11. g4 Nd5 12. Nxd5 Qxd5 13. Bf3 Qa5 14. Ne2 e5
15. Bg3 Nf6 16. g5 hxg5 17. hxg5 Ng4 18. Rh4 e4 19. Qxe4 Bf5 20. Qf4 f6 21.
Rxg4 fxg5 22. Qxg5 Bf6 23. Qh6 Bg7 24. Qh2 Bxc2+ 25. Kxc2 Rxf3 26. Rf4 Rxf4 27.
Bxf4 Qxa2 28. Nc3 Qa5 29. Bxd6 Re8 30. Qf4 Qh5 31. Rg1 b5 32. Qg4 Kh7 33. Rg2
Bh6 34. Qd7+ 1-0

[Event "7. Arber-Open Bodenmais 2018"]
[Site "Bodenmais"]
[Date "2018.08.03"]
[Round "7.16"]
[White "Jergler, Karl-Heinz"]
[Black "Beulertz, Stefan"]
[Result "1/2-1/2"]
[WhiteElo "2152"]
[BlackElo "1983"]
[PlyCount "49"]
[EventDate "2018.??.??"]
[WhiteTeam "SC Rottal-Inn"]
[BlackTeam "SC Werl 1981"]

1. e4 e6 2. d4 d5 3. Nc3 Nc6 4. Nf3 Nf6 5. Bg5 Be7 6. Bxf6 Bxf6 7. e5 Be7 8.
Bb5 Bd7 9. O-O a6 10. Bd3 Nb4 11. Ne2 Nxd3 12. Qxd3 Bb5 13. Qd2 O-O 14. a4 Bxe2
15. Qxe2 c5 16. dxc5 Bxc5 17. c4 dxc4 18. Qxc4 Rc8 19. Qg4 Qb6 20. Qe4 h6 21.
g3 Rfd8 22. b3 Rd5 23. Kg2 Rcd8 24. Rac1 Ba3 25. Rc3 1/2-1/2

[Event "7. Arber-Open Bodenmais 2018"]
[Site "Bodenmais"]
[Date "2018.08.03"]
[Round "7.17"]
[White "Villani, Cristian"]
[Black "Schmahl, Stephan"]
[Result "1/2-1/2"]
[WhiteElo "2010"]
[BlackElo "2148"]
[PlyCount "91"]
[EventDate "2018.??.??"]
[WhiteTeam "SK Durlach"]
[BlackTeam "SC Bavaria Regensburg von 1881"]

1. Nf3 Nf6 2. c4 g6 3. Nc3 Bg7 4. e4 d6 5. d4 O-O 6. Be2 e5 7. O-O Nc6 8. d5
Ne7 9. Ne1 Ne8 10. Nd3 f5 11. Bd2 Nf6 12. f3 f4 13. c5 g5 14. Rc1 Ng6 15. Nb5
Rf7 16. Ba5 b6 17. cxd6 cxd6 18. Bb4 Bf8 19. Qc2 Ne8 20. Nf2 h5 21. h3 Nh4 22.
a4 Rg7 23. Rfd1 a6 24. Na3 Nf6 25. Rd3 g4 26. hxg4 hxg4 27. fxg4 Bxg4 28. Nxg4
Nxg4 29. g3 Ne3 30. Rxe3 fxe3 31. Kh2 Qg5 32. Be1 Be7 33. Qc6 Rf8 34. Qd7 Rf2+
35. Bxf2 exf2 36. Rc8+ Kh7 37. Qh3 Qd2 38. Rc2 Qe1 39. Bf1 Bg5 40. Re2 Kg8 41.
Nc2 Qc1 42. Rxf2 Ng6 43. Qc8+ Kh7 44. Qh3+ Kg8 45. Qc8+ Kh7 46. Qh3+ 1/2-1/2

[Event "7. Arber-Open Bodenmais 2018"]
[Site "Bodenmais"]
[Date "2018.08.03"]
[Round "7.18"]
[White "Zepke, Armin"]
[Black "Schultes, Christoph"]
[Result "1/2-1/2"]
[WhiteElo "2130"]
[BlackElo "1976"]
[PlyCount "21"]
[EventDate "2018.??.??"]
[WhiteTeam "SC Bayerwald"]
[BlackTeam "SK Landau-Dingolfing"]

1. d4 d5 2. Bf4 Nf6 3. e3 c5 4. c3 Nc6 5. Nf3 Qb6 6. Qb3 c4 7. Qc2 Bf5 8. Qc1
e6 9. Be2 Be7 10. O-O h6 11. Nbd2 1/2-1/2

[Event "7. Arber-Open Bodenmais 2018"]
[Site "Bodenmais"]
[Date "2018.08.03"]
[Round "7.19"]
[White "Fauth, Dietmar"]
[Black "Grabmeier, Johannes"]
[Result "1/2-1/2"]
[WhiteElo "2112"]
[BlackElo "1906"]
[PlyCount "30"]
[EventDate "2018.??.??"]
[WhiteTeam "MÃ¼nchener SC"]
[BlackTeam "SV Deggendorf"]

1. e4 d5 2. exd5 Nf6 3. d4 Bg4 4. Bb5+ Nbd7 5. f3 Bf5 6. Nc3 a6 7. Ba4 b5 8.
Bb3 Nb6 9. Nge2 Nbxd5 10. Nxd5 Nxd5 11. Ng3 Bc8 12. Ne4 e6 13. Bg5 Be7 14. Bxe7
Qxe7 15. O-O Ne3 1/2-1/2

[Event "7. Arber-Open Bodenmais 2018"]
[Site "Bodenmais"]
[Date "2018.08.03"]
[Round "7.20"]
[White "Huber, Florian"]
[Black "Rieling, Thomas"]
[Result "1/2-1/2"]
[WhiteElo "2007"]
[BlackElo "2079"]
[PlyCount "104"]
[EventDate "2018.??.??"]
[WhiteTeam "SK Landau-Dingolfing"]
[BlackTeam "SC Diogenes"]

1. d4 Nf6 2. Nf3 g6 3. c4 Bg7 4. Nc3 d5 5. e3 O-O 6. Bd3 dxc4 7. Bxc4 c5 8. O-O
Qc7 9. Nb5 Qb6 10. a4 a6 11. a5 Qd8 12. Nc3 Bg4 13. dxc5 Qc7 14. b4 Nc6 15. Ba3
Rad8 16. Qc2 Bxf3 17. gxf3 Qe5 18. f4 Qh5 19. f3 e5 20. Ne2 Nd5 21. Bxd5 Rxd5
22. Ng3 Qh6 23. Rad1 Rxd1 24. Rxd1 exf4 25. exf4 Qxf4 26. Qe4 Qf6 27. Kg2 Rd8
28. Rd5 Rxd5 29. Qxd5 Qc3 30. Qd7 Qxa3 31. Qc8+ Bf8 32. Qxb7 Nxb4 33. Ne4 Qxa5
34. Nf6+ Kg7 35. Ne8+ Kh6 36. Qxf7 Qxc5 37. Nf6 Bg7 38. Ng4+ Kg5 39. Qxg7 Nd3
40. h4+ Kxh4 41. Qxh7+ Kg5 42. Qh6+ Kf5 43. Ne3+ Kf6 44. Ng4+ Kf5 45. Ne3+ Ke5
46. Ng4+ Kd4 47. Qe3+ Kc3 48. Qe4 a5 49. Ne3 Qb5 50. Nd1+ Kd2 51. Nf2 a4 52.
Nxd3 Qxd3 1/2-1/2

[Event "7. Arber-Open Bodenmais 2018"]
[Site "Bodenmais"]
[Date "2018.08.03"]
[Round "7.21"]
[White "Hohlfeld, Wolfgang"]
[Black "Froeschle, Andreas"]
[Result "1-0"]
[WhiteElo "2062"]
[BlackElo "1869"]
[PlyCount "133"]
[EventDate "2018.??.??"]
[WhiteTeam "SC Diogenes Hamburg"]
[BlackTeam "SV Unterkochen"]

1. e4 d6 2. d4 Nf6 3. Nc3 Nbd7 4. f4 e5 5. dxe5 dxe5 6. fxe5 Nxe5 7. Qxd8+ Kxd8
8. Bf4 Bd6 9. O-O-O Ke7 10. Kb1 Bg4 11. Be2 Rhe8 12. Nf3 Kf8 13. Rhe1 a6 14.
Nd4 Bxe2 15. Rxe2 g6 16. h3 Kg7 17. g4 h6 18. a4 Rad8 19. g5 hxg5 20. Bxg5 Bc5
21. Rf1 Ned7 22. Nb3 Be7 23. Ref2 Rf8 24. Nd4 Ng8 25. Bxe7 Nxe7 26. Rxf7+ Kh6
27. Ne6 Rxf7 28. Rxf7 Re8 29. Nxc7 Ne5 30. Rf6 Rc8 31. Re6 N7c6 32. N7d5 Kg5
33. Nb4 Rh8 34. Nxc6 Nxc6 35. Nd5 Rxh3 36. Rxg6+ Kxg6 37. Nf4+ Kf6 38. Nxh3 Ke5
39. Nf2 Kd4 40. Nd3 Kxe4 41. Nc5+ Kd5 42. Nxb7 a5 43. b3 Ke4 44. Kb2 Ke5 45.
Kc3 Ke6 46. Kc4 Kd7 47. Kc5 Kc7 48. Nd6 Nb4 49. Nb5+ Kb7 50. Nd4 Ka6 51. Kc4
Kb6 52. c3 Na6 53. Ne6 Nb8 54. Kd5 Nc6 55. Kd6 Nb8 56. Nc7 Nc6 57. Nd5+ Kb7 58.
Kc5 Na7 59. Ne3 Ka6 60. Kd6 Nc8+ 61. Kc7 Ne7 62. c4 Ng6 63. c5 Ne5 64. c6 Nf7
65. Nc4 Ka7 66. Nxa5 Ka8 67. Nc4 1-0

[Event "7. Arber-Open Bodenmais 2018"]
[Site "Bodenmais"]
[Date "2018.08.03"]
[Round "7.22"]
[White "Wacker, Felix"]
[Black "Huhs, Sven"]
[Result "1-0"]
[WhiteElo "1956"]
[BlackElo "2034"]
[PlyCount "59"]
[EventDate "2018.??.??"]
[WhiteTeam "SC Lambsheim"]
[BlackTeam "FG Wohlde"]

1. e4 c6 2. d4 d5 3. Nc3 dxe4 4. Nxe4 Bf5 5. Ng3 Bg6 6. h4 h6 7. Nf3 Nd7 8. h5
Bh7 9. Bd3 Bxd3 10. Qxd3 e6 11. Bd2 Ngf6 12. O-O-O Qc7 13. Kb1 Be7 14. Ne4 Nxe4
15. Qxe4 Nf6 16. Qe2 O-O-O 17. g3 c5 18. dxc5 Bxc5 19. Bf4 Qb6 20. Qe5 Nd5 21.
Qxg7 Nxf4 22. gxf4 Rxd1+ 23. Rxd1 Rd8 24. Rd3 Rxd3 25. cxd3 Bxf2 26. Ne5 Bd4
27. Qf8+ Kc7 28. Qxf7+ Kc8 29. Qd7+ Kb8 30. Nc4 1-0

[Event "7. Arber-Open Bodenmais 2018"]
[Site "Bodenmais"]
[Date "2018.08.03"]
[Round "7.23"]
[White "Hrdina, Karl"]
[Black "Gschwendtner, Stanislav"]
[Result "0-1"]
[WhiteElo "1957"]
[BlackElo "2032"]
[PlyCount "112"]
[EventDate "2018.??.??"]
[WhiteTeam "SV MÃ¶dling"]
[BlackTeam "SC Bayerwald"]

1. d4 Nf6 2. Nf3 g6 3. c4 Bg7 4. Nc3 d5 5. Bg5 Ne4 6. Bh4 Nxc3 7. bxc3 c5 8. e3
cxd4 9. cxd4 Nc6 10. Be2 Qa5+ 11. Qd2 Qxd2+ 12. Nxd2 e5 13. cxd5 Nb4 14. O-O
exd4 15. Rab1 Nxd5 16. Bb5+ Kf8 17. Bc4 Nc3 18. Rb4 b5 19. Bd3 a5 20. Rxd4 Bxd4
21. exd4 Kg7 22. Rc1 b4 23. a3 Ba6 24. Bxa6 Rxa6 25. Kf1 Re8 26. f3 Re2 27. Nb3
Rb2 28. Nc5 Rc6 29. axb4 axb4 30. Be1 Rd6 31. Nd3 Rb3 32. Nxb4 Rxb4 33. Bxc3
Ra4 34. Rc2 h5 35. h4 Kf6 36. Re2 Rc6 37. Bb2 Rb6 38. d5+ Kf5 39. Bg7 f6 40.
Bf8 Rb5 41. d6 Rd5 42. g3 Rad4 43. Kf2 g5 44. g4+ hxg4 45. fxg4+ Kxg4 46. hxg5
fxg5 47. Be7 Kf4 48. Kg2 Rd2 49. Kf2 g4 50. Rxd2 Rxd2+ 51. Ke1 Rd5 52. Kf2 g3+
53. Kg2 Rd2+ 54. Kf1 Kf3 55. Ke1 Re2+ 56. Kd1 g2 0-1

[Event "7. Arber-Open Bodenmais 2018"]
[Site "Bodenmais"]
[Date "2018.08.03"]
[Round "7.24"]
[White "Schleich, Theodor"]
[Black "Schmitz, Tim"]
[Result "1-0"]
[WhiteElo "1961"]
[BlackElo "1821"]
[PlyCount "75"]
[EventDate "2018.??.??"]
[WhiteTeam "MÃ¼nchener SC"]
[BlackTeam "SC Sendling"]

1. d4 Nf6 2. Bg5 c5 3. Bxf6 gxf6 4. d5 Qb6 5. Qc1 f5 6. c4 Bh6 7. Qc2 d6 8. Nc3
Nd7 9. e3 Nf6 10. g3 O-O 11. O-O-O Bg7 12. Bd3 e6 13. Nh3 Bd7 14. dxe6 fxe6 15.
Nf4 Rae8 16. Be2 Ne4 17. Nxe4 fxe4 18. Bg4 Be5 19. Rd2 Rf6 20. Nd5 exd5 21.
Bxd7 Re7 22. Bh3 Qa6 23. cxd5 Qxa2 24. Be6+ Rfxe6 25. dxe6 Qxe6 26. Kb1 Bf6 27.
Rhd1 Rd7 28. Rd5 b6 29. g4 Qxg4 30. Rxd6 Rxd6 31. Rxd6 Qf5 32. Qc4+ Kg7 33. Qe6
Qxf2 34. Qg4+ Kh6 35. Qh3+ Kg5 36. Rd5+ Kg6 37. Qh5+ Kg7 38. Rd7+ 1-0

[Event "7. Arber-Open Bodenmais 2018"]
[Site "Bodenmais"]
[Date "2018.08.03"]
[Round "7.25"]
[White "Titze, Karsten"]
[Black "Steinbach, Peter"]
[Result "0-1"]
[WhiteElo "1852"]
[BlackElo "2000"]
[PlyCount "56"]
[EventDate "2018.??.??"]
[WhiteTeam "vereinslos"]
[BlackTeam "SV Crailsheim"]

1. d4 c6 2. Nc3 d5 3. e4 dxe4 4. f3 Nf6 5. Be3 Bf5 6. g4 Bg6 7. f4 e6 8. h4 h5
9. g5 Nd5 10. Qd2 Bb4 11. Nge2 Qa5 12. Bg2 Nd7 13. O-O N7b6 14. Qc1 Nxe3 15.
Qxe3 Nc4 16. Qc1 e3 17. a3 Bxc3 18. Nxc3 Rd8 19. Ne2 Qf5 20. Rf3 Qxc2 21. f5
Bxf5 22. Rxf5 Qxf5 23. Qxc4 Qf2+ 24. Kh2 Qxh4+ 25. Bh3 O-O 26. g6 fxg6 27.
Qxe6+ Kh7 28. Qxe3 Qf2+ 0-1

[Event "7. Arber-Open Bodenmais 2018"]
[Site "Bodenmais"]
[Date "2018.08.03"]
[Round "7.26"]
[White "Fehrmann, Gregor"]
[Black "Glaser, Max"]
[Result "1/2-1/2"]
[WhiteElo "1989"]
[BlackElo "1812"]
[PlyCount "102"]
[EventDate "2018.??.??"]
[WhiteTeam "SK BruckmÃ¼hl"]
[BlackTeam "SC Furth WaldmÃ¼nchen"]

1. e4 e5 2. Nf3 Nf6 3. Nc3 Bb4 4. d3 d6 5. Be2 h6 6. O-O O-O 7. a4 c6 8. Na2
Ba5 9. b4 Bc7 10. Bb2 Qe7 11. c4 d5 12. Qc2 d4 13. c5 Be6 14. Ba3 a6 15. Nc1
Nh5 16. Re1 Nf4 17. Bf1 g5 18. Ne2 Nd7 19. Nxf4 gxf4 20. Nd2 Nf6 21. Nc4 Kh7
22. b5 Bxc4 23. Qxc4 Ba5 24. Bb4 Bxb4 25. Qxb4 Rg8 26. Be2 Rg5 27. Bf3 Rag8 28.
Kf1 Ng4 29. bxc6 Nxh2+ 30. Ke2 bxc6 31. Rh1 Nxf3 32. gxf3 Rg2 33. Rh5 Qe6 34.
Rhh1 Qg6 35. Rhf1 Qh5 36. Rh1 Qg5 37. Raf1 Qf6 38. Rb1 R8g6 39. Qc4 Qe7 40. a5
Rg7 41. Rb6 Qg5 42. Rf1 Rg1 43. Rbb1 Rxf1 44. Rxf1 Qg2 45. Rb1 h5 46. Rb7 h4
47. Rxf7 h3 48. Qe6 h2 49. Qf5+ Qg6 50. Qh3+ Qh6 51. Qf5+ Qg6 1/2-1/2

[Event "7. Arber-Open Bodenmais 2018"]
[Site "Bodenmais"]
[Date "2018.08.03"]
[Round "7.27"]
[White "Wacker, Andreas"]
[Black "Reuter, Roland"]
[Result "1-0"]
[WhiteElo "1824"]
[BlackElo "1953"]
[PlyCount "61"]
[EventDate "2018.??.??"]
[WhiteTeam "SC Lambsheim"]
[BlackTeam "SK Schwabach"]

1. e4 e5 2. Nf3 Nc6 3. Bc4 Nf6 4. d3 Be7 5. O-O O-O 6. c3 d6 7. Re1 Na5 8. Bb3
Nxb3 9. Qxb3 Rb8 10. d4 exd4 11. cxd4 c5 12. dxc5 Be6 13. Qc2 dxc5 14. Bf4 Rc8
15. Nc3 Qa5 16. Ng5 Ng4 17. Nxe6 fxe6 18. Bg3 c4 19. e5 Rf5 20. Qe4 h5 21. h3
Nh6 22. Qxb7 Rc7 23. Qb5 Bb4 24. Qe8+ Kh7 25. Qxe6 Bxc3 26. bxc3 Qxc3 27. Qd6
Qa5 28. e6 Rc8 29. e7 Qa4 30. Qd8 Qe8 31. Qxc8 1-0

[Event "7. Arber-Open Bodenmais 2018"]
[Site "Bodenmais"]
[Date "2018.08.03"]
[Round "7.28"]
[White "Legemaat, Gerrit"]
[Black "Horther-Schneider, Elsbeth"]
[Result "1/2-1/2"]
[WhiteElo "1946"]
[BlackElo "1839"]
[PlyCount "103"]
[EventDate "2018.??.??"]
[WhiteTeam "SV Doorn Driebergen"]
[BlackTeam "SC Windischeschenbach"]

1. d4 Nf6 2. c4 e6 3. Nc3 d5 4. cxd5 exd5 5. Bg5 c6 6. e3 Bf5 7. Qf3 Bg6 8.
Bxf6 gxf6 9. Nh3 Nd7 10. Nf4 Qb6 11. Qe2 O-O-O 12. Qd2 Bd6 13. Ncxd5 cxd5 14.
Nxd5 Qc6 15. Rc1 Nc5 16. dxc5 Bf8 17. Nb4 Rxd2 18. Nxc6 Rxb2 19. Nxa7+ Kb8 20.
Nb5 Rxa2 21. Bc4 Rb2 22. Nd6 Bxd6 23. cxd6 Rd8 24. O-O Rxd6 25. g4 b5 26. h4
bxc4 27. Rxc4 Bd3 28. Rd1 Bxc4 29. Rxd6 Be6 30. Rd4 Rb5 31. Kh2 Kc7 32. Kg3 h5
33. gxh5 Rxh5 34. Rf4 f5 35. Rd4 Rh8 36. f3 Kc6 37. Rd2 Bd5 38. Rd1 Kc5 39. Rd2
Bc4 40. Rd4 Kb4 41. Rf4 Rh5 42. e4 fxe4 43. fxe4 Be6 44. Rf1 Kc5 45. Rd1 Rh6
46. Rd2 Rg6+ 47. Kf3 Rg4 48. Rh2 Kd4 49. h5 Rxe4 50. h6 Bf5 51. h7 Bxh7 52.
Rxh7 1/2-1/2